000 00313nam a22001337a 4500
008 180924b xxu||||| |||| 00| 0 eng d
020 _a9780136129806
041 _aeng
080 _25th
_a610.73
100 _a1
101 _aINF
245 _aFoundations of Nursing Research
_cNieswiadomy,R.M
942 _2udc
_cBK
999 _c48312
_d48312